Language Quiz

Random Language or Spanish Quiz

Regular AR Verbs in Spanish Quiz Stats

Quiz not verified by Sporcle

Challenge
Share
Tweet
Embed
Score 0/20 Timer 10:00
0 Plays Today
Hint Answer % Correct
to talkhablar
94.9%
to swimnadar
82.1%
to studyestudiar
76.9%
to cookcocinar
71.8%
to walkcaminar
69.2%
to buycomprar
66.7%
to singcantar
64.1%
to dancebailar
61.5%
to preparepreparar
59%
to arrivellegar
53.8%
Hint Answer % Correct
to cleanlimpiar
51.3%
to skatepatinar
46.2%
to callllamar
46.2%
to scuba divebucear
43.6%
to wearllevar
41%
to take out the trashsacar la basura
38.5%
to burnquemar
38.5%
to communicatecomunicar
33.3%
to descendbajar
33.3%
to restdescansar
33.3%

You're not logged in!

Compare scores with friends on all Sporcle quizzes.
Sign Up with Email
OR
Log In

You Might Also Like...

Show Comments

Extras

Top Quizzes Today


Score Distribution

Your Account Isn't Verified!

In order to create a playlist on Sporcle, you need to verify the email address you used during registration. Go to your Sporcle Settings to finish the process.

Report this User

Report this user for behavior that violates our Community Guidelines.

Details: